|
|
|
|
| LEADER |
01737nam a2200445 a 4500 |
| 001 |
EBC408273 |
| 003 |
MiAaPQ |
| 005 |
20200520144314.0 |
| 006 |
m o d | |
| 007 |
cr cn||||||||| |
| 008 |
980923s1999 ilua sb 101 0 eng d |
| 010 |
|
|
|z 98031598
|
| 020 |
|
|
|z 0226676234 (alk. paper)
|
| 020 |
|
|
|z 9780226676234
|
| 020 |
|
|
|z 9780226676302
|
| 035 |
|
|
|a (MiAaPQ)EBC408273
|
| 035 |
|
|
|a (Au-PeEL)EBL408273
|
| 035 |
|
|
|a (CaPaEBR)ebr10230047
|
| 035 |
|
|
|a (CaONFJC)MIL143105
|
| 035 |
|
|
|a (OCoLC)476228339
|
| 040 |
|
|
|a MiAaPQ
|c MiAaPQ
|d MiAaPQ
|
| 050 |
|
4 |
|a HJ2005
|b .F567 1999
|
| 082 |
0 |
4 |
|a 336.3
|2 21
|
| 245 |
0 |
0 |
|a Fiscal institutions and fiscal performance
|h [electronic resource] /
|c edited by James M. Poterba and Jurgen von Hagen.
|
| 260 |
|
|
|a Chicago, Ill. :
|b University of Chicago Press,
|c 1999.
|
| 300 |
|
|
|a ix, 388 p. :
|b ill.
|
| 490 |
1 |
|
|a National Bureau of Economic Research conference report
|
| 490 |
1 |
|
|a Conference report (National Bureau of Economic Research)
|
| 504 |
|
|
|a Includes bibliographical references and indexes.
|
| 533 |
|
|
|a Electronic reproduction. Ann Arbor, MI : ProQuest, 2015. Available via World Wide Web. Access may be limited to ProQuest affiliated libraries.
|
| 650 |
|
0 |
|a Budget deficits
|v Congresses.
|
| 650 |
|
0 |
|a Fiscal policy
|v Congresses.
|
| 650 |
|
0 |
|a Deficit financing
|v Congresses.
|
| 655 |
|
4 |
|a Electronic books.
|
| 700 |
1 |
|
|a Poterba, James M.
|
| 700 |
1 |
|
|a Hagen, Jurgen von.
|
| 710 |
2 |
|
|a ProQuest (Firm)
|
| 830 |
|
0 |
|a National Bureau of Economic Research conference report.
|
| 830 |
|
0 |
|a Conference report (National Bureau of Economic Research)
|
| 856 |
4 |
0 |
|u https://ebookcentral.proquest.com/lib/matrademy/detail.action?docID=408273
|z Click to View
|